Letra ¡Corre! Jesse&Joy - Estadísticas

Estadísticas generales
  • Esta prueba ha sido intentada 48 veces
  • La puntuación promedio es 210 de 268
Estadísticas de respuestas
Respuesta % Correcto
a
100%
y
97%
Y
97%
corre
93%
lo
93%
Lo
93%
corazón
90%
de
90%
De
90%
más
90%
que
90%
Que
90%
tu
90%
Tu
90%
90%
90%
Ya
90%
ya
90%
dos
86%
el
86%
El
86%
los
86%
Me
86%
me
86%
Siempre
86%
siempre
86%
Así
83%
fuiste
83%
la
83%
mi
83%
no
83%
No
83%
pero
83%
Pero
83%
perro
83%
Te
83%
te
83%
todo
83%
veloz
83%
da
79%
Di
76%
has
76%
igual
76%
quieras
76%
76%
se
76%
Toma
76%
vete
76%
voy
76%
como
72%
dar
72%
hecho
72%
jamás
72%
verdad
72%
atrás
69%
lágrimas
69%
mis
69%
tan
69%
digo
66%
esta
66%
está
66%
miras
66%
mires
66%
siento
66%
un
66%
calor
62%
diferente
62%
razón
62%
abrazas
59%
tienes
59%
al
55%
bien
55%
con
55%
mismos
55%
queda
55%
en
52%
final
52%
libreto
52%
despedidas
48%
mucha
48%
pena
48%
tantas
48%
trucos
48%
Conmigo
45%
escena
45%
media
45%
quedó
45%
viví
45%
Han
41%
interrumpes
41%
predecible
41%
puerta
41%
sido
41%
oración
38%
repetido
38%
terminas
38%
Dedicarte
34%
detrás
34%
iré
34%
podía
31%
verso
31%
No se encontraron pruebas coincidentes
Distribución de puntuación
Porcentaje de gente con cada puntuación
Porcentaje por número respondido
Historial de tus puntuaciones
No has intentado esta prueba.